[Event "Kohtla Jarve-ch"]
[Site "Kohtla Jarve"]
[Date "2005.01.26"]
[Round "1"]
[White "Jemeljanov, Anatoli"]
[Black "Hansumae, Jaan"]
[Result "1-0"]
[WhiteElo "2184"]
[BlackElo "2310"]
[PlyCount "57"]
[EventDate "2005.??.??"]
[EventType "swiss"]
[EventRounds "9"]
[EventCountry "EST"]
[SourceTitle "EXT 2006"]
[Source "ChessBase"]
[SourceDate "2005.11.24"]
[SourceVersion "1"]
[SourceVersionDate "2005.11.24"]
[SourceQuality "1"]

1. d4 Nf6 2. c4 g6 3. Nc3 Bg7 4. e4 d6 5. f4 c6 6. Nf3 Bg4 7. Be2 0-0 8. 0-0 Nbd7 9. e5 Ne8 10. Ng5 Bxe2 11. Qxe2 e6 12. Nf3 a5 13. b3 c5 14. d5 exd5 15. cxd5 Qe7 16. Re1 Nc7 17. Bb2 Nb6 18. Rad1 Rad8 19. Ne4 Ncxd5 20. exd6 Qd7 21. Bxg7 Kxg7 22. Nxc5 Qg4 23. Nxb7 Rd7 24. Qb2+ f6 25. Nxa5 Qxf4 26. Nd4 Qxd6 27. Ne6+ Kg8 28. Nxf8 Qxf8 29. Nc4 1-0

[Event "EST-chT"]
[Site "Estonia"]
[Date "2003.??.??"]
[Round "?"]
[White "Tarakanov, Oleg"]
[Black "Jemeljanov, Anatoli"]
[Result "1-0"]
[WhiteElo "2231"]
[BlackElo "2199"]
[PlyCount "75"]
[EventDate "2003.??.??"]
[EventType "team"]
[EventRounds "5"]
[EventCountry "EST"]
[SourceTitle "EXT 2007"]
[Source "ChessBase"]
[SourceDate "2006.11.23"]
[SourceVersion "1"]
[SourceVersionDate "2006.11.23"]
[SourceQuality "1"]

1. e4 c5 2. Nf3 e6 3. c3 d5 4. exd5 Qxd5 5. d4 cxd4 6. cxd4 Nf6 7. Nc3 Qd6 8. g3 Nc6 9. Bg2 Be7 10. 0-0 0-0 11. Qa4 Qb4 12. Qxb4 Nxb4 13. Rd1 Nbd5 14. Ne5 Rd8 15. a3 Bd7 16. Bg5 Bc6 17. Nxc6 bxc6 18. Rac1 h6 19. Bd2 Nxc3 20. Bxc3 Nd5 21. Ba5 Rdc8 22. Rc4 Rab8 23. b4 Bg5 24. h4 Bf6 25. Rdc1 Kf8 26. Kf1 Ke8 27. a4 Bd8 28. Bxd5 exd5 29. Rxc6 Rxc6 30. Rxc6 Bxa5 31. bxa5 Rb4 32. Ra6 Rxd4 33. Rxa7 Rxa4 34. a6 h5 35. Ke2 Ra2+ 36. Ke3 d4+ 37. Kxd4 Rxf2 38. Rb7 1-0

[Event "EST-chT"]
[Site "Tallinn"]
[Date "1999.04.03"]
[Round "2"]
[White "Jemeljanov, Anatoli"]
[Black "Maidla, Vallo"]
[Result "0-1"]
[WhiteElo "2165"]
[BlackElo "2373"]
[PlyCount "106"]
[EventDate "1999.??.??"]
[EventType "team"]
[EventRounds "10"]
[EventCountry "EST"]
[SourceTitle "EXT 2000"]
[Source "ChessBase"]
[SourceDate "1999.11.16"]
[SourceVersion "1"]
[SourceVersionDate "1999.11.16"]
[SourceQuality "1"]

1. d4 d5 2. c4 c6 3. cxd5 cxd5 4. Nc3 Nc6 5. Nf3 Bg4 6. e3 e6 7. Be2 Nf6 8. 0-0 Bd6 9. b3 a6 10. Bb2 0-0 11. Na4 Ne4 12. Ne5 Bxe2 13. Qxe2 Nxe5 14. dxe5 Bb4 15. Rac1 Qe7 16. f3 Nc5 17. Nxc5 Bxc5 18. Rc2 Rac8 19. Rfc1 Rc6 20. b4 Bxb4 21. Rxc6 bxc6 22. Rxc6 a5 23. f4 Rb8 24. Qc2 h5 25. g3 Qb7 26. Bd4 Bf8 27. Kg2 g6 28. Rc7 Qb4 29. Rc8 Rxc8 30. Qxc8 Qd2+ 31. Kh3 Kg7 32. Bc5 Bxc5 33. Qxc5 Qxa2 34. Qe7 Qe2 35. Qf6+ Kg8 36. Qd8+ Kh7 37. Qe7 Qg4+ 38. Kg2 Qe2+ 39. Kh3 Qg4+ 40. Kg2 Qf5 41. Qa7 Qe4+ 42. Kh3 Kg7 43. Qxa5 Qxe3 44. Qd8 Qa3 45. Kh4 Qf8 46. Qd7 Qb8 47. Kh3 Kf8 48. Qc6 Qd8 49. Qc5+ Kg7 50. Qd4 Qa5 51. Kh4 Qa3 52. Kh3 Qf3 53. Qb6 h4 0-1